[Event "Berekfurdo tt"]
[Site "Berekfurdo"]
[Date "2013.10.04"]
[Round "3.2"]
[White "Ivanov, Artem"]
[Black "Wodecki, Mikolaj"]
[Result "1-0"]
[WhiteElo "1851"]
[BlackElo "1318"]
[PlyCount "41"]
[EventDate "2013.10.03"]
[EventType "team-tourn"]
[EventRounds "7"]
[EventCountry "HUN"]
[SourceTitle "CBM 156 Extra"]
[Source "ChessBase"]
[SourceDate "2013.10.22"]
[SourceVersion "1"]
[SourceVersionDate "2013.10.22"]
[SourceQuality "1"]
[WhiteTeam "St Petersburg"]
[BlackTeam "Jastrzebie Zdroj"]
[WhiteTeamCountry "RUS"]
[BlackTeamCountry "POL"]

1. e4 e5 2. Nc3 Nf6 3. Bc4 Nc6 4. d3 d6 5. f4 Bg4 6. Nf3 Nd4 7. Be3 Nh5 8. fxe5 Bxf3 9. gxf3 Qh4+ 10. Bf2 Qh3 11. Bxd4 Ng3 12. hxg3 Qxh1+ 13. Kd2 Qg2+ 14. Qe2 Qxg3 15. exd6 Bxd6 16. Rg1 Bf4+ 17. Kd1 Qh3 18. Nd5 Bg3 19. Qg2 Qxg2 20. Rxg2 Bd6 21. e5 1-0

[Event "Rewal op-B 17th"]
[Site "Rewal"]
[Date "2012.08.??"]
[Round "5"]
[White "Wodecki, Mikolaj"]
[Black "Hadzicki, Tomasz"]
[Result "1/2-1/2"]
[WhiteElo "1300"]
[BlackElo "1858"]
[PlyCount "22"]
[EventDate "2012.08.20"]
[EventType "swiss"]
[EventRounds "9"]
[EventCountry "POL"]
[SourceTitle "EXT 2014"]
[Source "ChessBase"]
[SourceDate "2013.11.20"]
[SourceVersion "1"]
[SourceVersionDate "2013.11.20"]
[SourceQuality "1"]

1. e4 Nc6 2. Nf3 e6 3. d4 d5 4. Nc3 Bb4 5. exd5 exd5 6. Bd3 Bg4 7. Be3 Nf6 8. 0-0 Bxc3 9. bxc3 0-0 10. Bg5 h6 11. Bf4 Ne7 1/2-1/2

[Event "Rewal op-B 17th"]
[Site "Rewal"]
[Date "2012.08.??"]
[Round "3"]
[White "Wodecki, Mikolaj"]
[Black "Jasnikowska, Malgorzata"]
[Result "0-1"]
[WhiteElo "1300"]
[BlackElo "1725"]
[PlyCount "77"]
[EventDate "2012.08.20"]
[EventType "swiss"]
[EventRounds "9"]
[EventCountry "POL"]
[SourceTitle "EXT 2014"]
[Source "ChessBase"]
[SourceDate "2013.11.20"]
[SourceVersion "1"]
[SourceVersionDate "2013.11.20"]
[SourceQuality "1"]

1. e4 c5 2. c3 d5 3. exd5 Qxd5 4. d4 Nc6 5. Nf3 Bg4 6. Be2 Nf6 7. c4 Qd6 8. d5 Ne5 9. Nc3 a6 10. Be3 Bxf3 11. Bxf3 Nxf3+ 12. Qxf3 g6 13. Na4 Rc8 14. Bf4 Qd8 15. 0-0 b5 16. Nc3 bxc4 17. Rad1 Bg7 18. d6 e6 19. Bg5 0-0 20. Ne4 h6 21. Bxf6 Bxf6 22. Qxf6 Qxf6 23. Nxf6+ Kg7 24. Ng4 Rb8 25. d7 Rfd8 26. Ne3 Rxb2 27. Nxc4 Rb7 28. Ne5 f6 29. Nc6 Rdxd7 30. Rxd7+ Rxd7 31. Nb8 Rd6 32. Rc1 Kf7 33. Kf1 Ke8 34. Rb1 Kd8 35. Ke2 Kc7 36. Ke3 c4 37. Rb4 c3 38. Rb3 a5 39. Rxc3+ 0-1

[Event "Orlova op 9th"]
[Site "Orlova"]
[Date "2012.05.21"]
[Round "1.26"]
[White "Wodecki, Mikolaj"]
[Black "Kuciel, Wladyslaw"]
[Result "0-1"]
[WhiteElo "1255"]
[BlackElo "2003"]
[PlyCount "51"]
[EventDate "2012.05.21"]
[EventType "swiss"]
[EventRounds "7"]
[EventCountry "CZE"]
[SourceTitle "CBM 148 Extra"]
[Source "ChessBase"]
[SourceDate "2012.06.22"]
[SourceVersion "1"]
[SourceVersionDate "2012.06.22"]
[SourceQuality "1"]

1. e4 c5 2. c3 d5 3. exd5 Nf6 4. d4 Nxd5 5. Bc4 e6 6. Nf3 Nc6 7. 0-0 cxd4 8. Nxd4 Bc5 9. Re1 0-0 10. Qf3 Bxd4 11. cxd4 Nxd4 12. Qe4 Nb4 13. Na3 f5 14. Qe5 Nbc2 15. Nxc2 Nxc2 16. Bxe6+ Bxe6 17. Qxe6+ Kh8 18. Bf4 Nxa1 19. Rxa1 Qd4 20. Be5 Qe4 21. Rc1 Rae8 22. Bxg7+ Kxg7 23. Rc7+ Kh8 24. Qxe4 Rxe4 25. f3 Rb4 26. Kf2 0-1